000 00902nam a2200253Ia 4500
003 OSt
005 20220923211047.0
006 a|||||r|||| 00| 0
007 ta
008 220922b |||||||| |||| 00| 0 hin d
020 _a8176670472 (hbk)
024 _a158,523
037 _cTextual
040 _aARTS
_cARTS
_bhin
041 _2hin
_ahin
082 _aO152,2M89:g, P0
245 0 _aप्रसाद* एक नई दृष्टि, संपा प्रणव शर्मा एवम प्रणीत प्रणव
246 _aPrasāda: ek naī dṛuṣhṭi, sanpā0 praṇav sharmā evam praṇīt praṇava
260 _aदिल्ली
_b भावनाप्रकाशन
_c2000
300 _a183 पृ.
_ccm.
650 _aहिन्दी साहित्य
_9156264
942 _hO152,2M89:g, P0
_cTEXL
_2CC
999 _c294679
_d294679